[Event "Bad Woerishofen op 19th"]
[Site "Bad Woerishofen"]
[Date "2003.03.21"]
[Round "9"]
[White "Hegel, Pius"]
[Black "Haeuser, Marco"]
[Result "0-1"]
[WhiteElo "1619"]
[BlackElo "1398"]
[PlyCount "80"]
[EventDate "2003.03.13"]
[EventType "swiss"]
[EventRounds "9"]
[EventCountry "GER"]
[SourceTitle "CBM 093 Extra"]
[Source "ChessBase"]
[SourceDate "2003.05.09"]
[SourceVersion "1"]
[SourceVersionDate "2003.05.09"]
[SourceQuality "1"]

1. Nf3 e6 2. b3 b6 3. Bb2 Bb7 4. e3 Nf6 5. c4 c5 6. Nc3 Be7 7. d4 d6 8. Bd3 Nbd7 9. Bc2 cxd4 10. exd4 d5 11. a3 Rc8 12. Qe2 dxc4 13. bxc4 Bxf3 14. gxf3 0-0 15. h4 Nh5 16. 0-0-0 Ndf6 17. Rhg1 Qc7 18. d5 exd5 19. Nxd5 Nxd5 20. Rxd5 Nf6 21. Rdg5 g6 22. h5 Qxc4 23. Qxc4 Rxc4 24. hxg6 hxg6 25. Kb1 Nh7 26. R5g2 Bf6 27. Bb3 b5 28. Bxc4 bxc4 29. Bxf6 Nxf6 30. Rh2 Kg7 31. Kc2 Rc8 32. Rg5 Nd7 33. f4 Kf6 34. f3 Nf8 35. Ra5 Rc7 36. Rd2 Ne6 37. Rd6 Ke7 38. Rda6 Nd4+ 39. Kd1 c3 40. Rxa7 c2+ 0-1